Personalizované odporúčanie s problémom studeného štartu

Enregistré dans:
Détails bibliographiques
Auteur principal: Fekete, Viktória (Auteur)
Autres auteurs: Gašpar, Peter (Directeur de thèse)
Format: Manuscrit Livre
Langue:slovaque
anglais
Publié: 2020
Sujets:
Accès en ligne:http://is.stuba.sk/zp/portal_zp.pl?podrobnosti=142000
Tags: Ajouter un tag
Pas de tags, Soyez le premier à ajouter un tag!

MARC

LEADER 00000ntm a22000003a 4500
001 stuzp80524
003 SK-STU
005 20200620211652.8
007 ta
008 150427s2015----xo-----f-mn---000-0-slo-d
040 |a STU  |b slo 
041 0 |a eng 
100 1 |a Fekete, Viktória  |u 070200  |4 aut  |U FIIT Fakulta informatiky a informačných technológií  |T FIIT Ústav informatiky, informačných systémov a softvérového inžinierstva  |X 92015  |U I200  |Y 179  |7 92015 
242 0 1 |a Personalizované odporúčanie s problémom studeného štartu  |y slo 
245 1 0 |a Personalizované odporúčanie s problémom studeného štartu 
260 |c 2020 
650 4 |a Studený štart  |2 slo 
650 4 |a Personalizácia  |2 slo 
650 4 |a Odporúčacie systémy  |2 slo 
650 4 |a Recommender systems  |2 eng 
650 4 |a Cold start  |2 eng 
650 4 |a Personalization  |2 eng 
700 1 |a Gašpar, Peter  |u 070200  |k Z3  |4 ths  |U FIIT Fakulta informatiky a informačných technológií  |T FIIT Ústav informatiky, informačných systémov a softvérového inžinierstva  |X 46082  |U I200  |Y 179  |7 46082 
856 4 |u http://is.stuba.sk/zp/portal_zp.pl?podrobnosti=142000